Marine gears (Record no. 12622)

000 -LEADER
fixed length control field 00420nam a22001577a 4500
008 - FIXED-LENGTH DATA ELEMENTS--GENERAL INFORMATION
fixed length control field 210209b ||||| |||| 00| 0 eng d
082 00 - DEWEY DECIMAL CLASSIFICATION NUMBER
Classification number 623.872
Item number B865
100 ## - MAIN ENTRY--PERSONAL NAME
9 (RLIN) 4759
Personal name Broersma, Ir. G.
245 10 - TITLE STATEMENT
Title Marine gears
250 ## - EDITION STATEMENT
Edition statement 1st ed.
260 ## - PUBLICATION, DISTRIBUTION, ETC. (IMPRINT)
Place of publication, distribution, etc Netherlands:
Name of publisher, distributor, etc Technical Publications
Date of publication, distribution, etc 1961
300 ## - PHYSICAL DESCRIPTION
Extent 439p.
365 ## - TRADE PRICE
Unit of pricing 533.00
650 #0 - SUBJECT ADDED ENTRY--TOPICAL TERM
Topical term or geographic name as entry element Ships--Transmission Devices
942 ## - ADDED ENTRY ELEMENTS (KOHA)
Item type Books
Holdings
Withdrawn status Lost status Source of classification or shelving scheme Damaged status Not for loan Permanent location Current location Date acquired Source of acquisition Full call number Barcode Date last seen Koha item type
          IMU Kolkata IMU Kolkata 1973-03-23 Sankar’s Book Agency 623.872 B865 03922 2021-02-09 Books
Designed and Maintained by IMU-KC Library, Kolkata Campus © Copyright All Rights Reserved

webs counters

Powered by Koha